<?xml version="1.0" encoding="UTF-8"?><?xml-stylesheet type="text/xsl" href="static/style.xsl"?><OAI-PMH xmlns="http://www.openarchives.org/OAI/2.0/" xmlns:xsi="http://www.w3.org/2001/XMLSchema-instance" xsi:schemaLocation="http://www.openarchives.org/OAI/2.0/ http://www.openarchives.org/OAI/2.0/OAI-PMH.xsd"><responseDate>2026-06-07T07:48:00Z</responseDate><request verb="GetRecord" identifier="oai:riuma.uma.es:10630/23966" metadataPrefix="marc">https://riuma.uma.es/rest/oai/request</request><GetRecord><record><header><identifier>oai:riuma.uma.es:10630/23966</identifier><datestamp>2026-02-03T11:05:46Z</datestamp><setSpec>com_10630_2254</setSpec><setSpec>col_10630_37953</setSpec></header><metadata><record xmlns="http://www.loc.gov/MARC21/slim" xmlns:dcterms="http://purl.org/dc/terms/" xmlns:doc="http://www.lyncode.com/xoai" xmlns:xsi="http://www.w3.org/2001/XMLSchema-instance" xsi:schemaLocation="http://www.loc.gov/MARC21/slim http://www.loc.gov/standards/marcxml/schema/MARC21slim.xsd">
   <leader>00925njm 22002777a 4500</leader>
   <datafield ind2=" " ind1=" " tag="042">
      <subfield code="a">dc</subfield>
   </datafield>
   <datafield ind2=" " ind1=" " tag="720">
      <subfield code="a">Sanmiguel-Rojas, Enrique</subfield>
      <subfield code="e">author</subfield>
   </datafield>
   <datafield ind2=" " ind1=" " tag="720">
      <subfield code="a">Fernández-Feria, Ramón</subfield>
      <subfield code="e">author</subfield>
   </datafield>
   <datafield ind2=" " ind1=" " tag="260">
      <subfield code="c">2021-09-01</subfield>
   </datafield>
   <datafield ind2=" " ind1=" " tag="520">
      <subfield code="a">The fluid–structure interaction of a flexible plunging hydrofoil immersed in a current is solved numerically to&#xd;
analyze its propulsion enhancement due to flexibility at Reynolds number 10 000. After validating with available&#xd;
experimental data, the code is used to assess analytical predictions from a linear theory. We consider large&#xd;
stiffness ratios, with high thrust enhancement by flexibility, and small mass ratios appropriate for underwater&#xd;
propulsion. The maximum thrust enhancement is observed at the first natural frequency, accurately predicted&#xd;
by the linear theory algebraically. The magnitude of the maximum thrust is over-predicted by the theory as the&#xd;
flapping amplitude increases. For large Strouhal numbers the flow becomes aperiodic, which for large enough&#xd;
amplitudes happens at frequencies below the natural frequency. But even at these Strouhal numbers, the linear&#xd;
theory predicts quite well the frequency of maximum thrust enhancement and optimal propulsive efficiency.&#xd;
We conclude that the linear theory constitutes a reliable and useful guide for the design of underwater flexible&#xd;
flapping-foil thrusters, and we provide a practical chart to easily select the optimal flapping frequency as a&#xd;
function of the actuation point, the stiffness and the mass ratios of the hydrofoil.</subfield>
   </datafield>
   <datafield ind1="8" ind2=" " tag="024">
      <subfield code="a">Sanmiguel-Rojas, Enrique ; Fernández-Feria, Ramón.Propulsion enhancement of flexible plunging foils: Comparing linear theory predictions with high-fidelity CFD results. Ocean Engineering Volume 235, 1 September 2021, 109331. https://doi.org/10.1016/j.oceaneng.2021.109331</subfield>
   </datafield>
   <datafield ind1="8" ind2=" " tag="024">
      <subfield code="a">https://hdl.handle.net/10630/23966</subfield>
   </datafield>
   <datafield ind1="8" ind2=" " tag="024">
      <subfield code="a">10.1016/j.oceaneng.2021.109331</subfield>
   </datafield>
   <datafield tag="653" ind2=" " ind1=" ">
      <subfield code="a">Propulsión</subfield>
   </datafield>
   <datafield ind2="0" ind1="0" tag="245">
      <subfield code="a">Propulsion enhancement of flexible plunging foils: Comparing linear theory predictions with high-fidelity CFD results</subfield>
   </datafield>
</record>
</metadata></record></GetRecord></OAI-PMH>